| 000 | | | 04140nmc2a22000003x 450 |
| 001 | | | 160d537f-74d7-4ae6-9596-bf7f7463dcf1 |
| 005 | | | 20180711221420.0 |
| 100 | ## | $a | 20160415l18701871k l0rusy0189 ca |
| 101 | 0# | $a | rus |
| 102 | ## | $a | RU |
| 200 | 1# | $a | Дело по вопросу о том, следует ли баллотировать на оставление при Варшавском университете преподавателей его, польского происхождения, которые хотя выслужили сроки (двадцать пять лет) на получение эмеритурных пенсий, но не достигли ещё пятидесяти лет от роду. Тут же о том, имеет ли совет университета право баллотировать профессоров, выслуживших двадцать пять лет, на дальнейшее оставление при университете, если они поступили в университет не по выбору совета, а при открытии университета |
| | $j | 26 июня 1870 г. - 24 апреля 1871 г. |
| 251 | ## | $c | Дело |
| 300 | ## | $a | Дело |
| 801 | #0 | $a | RU |
| | $b | РГИА |
| | $c | 20160415 |
| | $g | RCR |
| 801 | #1 | $a | RU |
| | $b | ГлавНИВЦ |
| | $c | 20160415 |
| | $2 | rusmarc |
| 801 | #2 | $a | RU |
| | $b | ПБ им. Б.Н. Ельцина |
| | $c | 20180711 |
| | $g | RCR |
| | $2 | rusmarc |
| 850 | ## | $a | РГИА |
| 852 | ## | $a | РГИА |
| | $e | Федеральное казенное учреждение "Российский государственный исторический архив" (РГИА) |
| | $j | 880 |
| 937 | ## | $h | РГИА |
| | $d | 12196088 |
| | $a | ASBIBLIO_SCAN |
| 462 | #0 | $1 | 00175ee99a9-5750-4f16-9283-bc673fb37de8 |
| | $1 | 2001 |
| | $a | Дела разряда высших учебных заведений Департамента народного просвещения за 1838-1872 гг. |
| | $1 | 251 |
| | $c | Опись |
| | $1 | 852 |
| | $j | 147 |
| 461 | #0 | $1 | 001a74412a3-3cc5-4d21-8f0a-dfe2fbd9e72d |
| | $1 | 2001 |
| | $a | Департамент народного просвещения Министерства народного просвещения (1803-1917) |
| | $1 | 251 |
| | $c | Фонд |
| | $1 | 852 |
| | $j | 733 |
| 215 | ## | $a | 25 л. |
| | $d | 36,5х26 см |
| 371 | ## | $a | Документ не является опубликованным и широко распространяемым |
| 105 | ## | $a | y### |
| 122 | 2# | $a | d |
| 035 | ## | $a | 160d537f-74d7-4ae6-9596-bf7f7463dcf1 |
| 856 | ## | $u | http://readingroom.main.prlib.ru/item.aspx?id_node=n117190294&mode=full |